000 00758nam a2200205Ia 4500
001 4238
003 GE_BSU
008 181216s||||||||xx |||||||||||||| ||und||
040 _cGE_BSU
080 _a665.6.71+665.65
245 _aНовейшие достижения нефтехимии и нефтепереработки=Advances in petroleum chemistry and refining. Том. III.
245 _cперевод. с англ. И.И.Абрамсона. Ред. К.Ф.Клейменова.
260 _aМ.
260 _bГостоптехиздат.
260 _c1962.
300 _a299 стр. 26 см.
300 _eтабл.
653 _aНовейшие достижения нефтехимии и нефтепереработки.
942 _cBK
999 _c38248
_d38248